The happy Negro : to which are added, The praying soldier and The profligate reclaimed.

Bibliographic Details
Main Author: Serle, Ambrose, 1742-1812 (Author)
Format: eBook
Language:English
Published: New-York : American Tract Society, [1840?]
Series:Slavery in America and the world: history, culture & law.
Subjects:
Online Access:Connect to the full text of this electronic book

MARC

Tag First Indicator Second Indicator Subfields
LEADER 00000cam a2200000 i 4500
001 in00004410708
005 20210123193105.0
006 m fo d
007 cr bn nnnauuuu
008 161019s1840 nyu o 000 0 eng d
035 |a ccn00778048 
040 |a NjRocCCS  |b eng  |e rda  |c NjRocCCS 
043 |a n-us--- 
050 4 |a E443  |b .S47 1840 
100 1 |a Serle, Ambrose,  |d 1742-1812,  |e author. 
245 1 4 |a The happy Negro :  |b to which are added, The praying soldier and The profligate reclaimed. 
264 1 |a New-York :  |b American Tract Society,  |c [1840?] 
264 2 |a [Getzville, New York] :  |b William S. Hein and Company,  |c [2016] 
300 |a 1 online resource (8 pages). 
336 |a text  |b txt  |2 rdacontent 
337 |a computer  |b c  |2 rdamedia 
338 |a online resource  |b cr  |2 rdacarrier 
490 1 |a HeinOnline slavery in America and the world: history, culture & law 
588 |a Description based on PDF title page, viewed October 19, 2016. 
500 |a "No. 7." 
500 |a Author: Ambrose Serle. 
500 |a Pages also numbered 89-96. 
650 0 |a Slaves  |z United States  |x Social conditions. 
650 0 |a Slaves  |x Religious life. 
650 0 |a Soldiers  |x Religious life. 
655 7 |a Electronic books.  |2 local 
740 0 2 |a Praying soldier. 
740 0 2 |a Profligate reclaimed. 
830 0 |a Slavery in America and the world: history, culture & law. 
856 4 0 |u http://proxy.library.tamu.edu/login?url=https://www.heinonline.org/HOL/Page?handle=hein.slavery/hpyngsor0001&id=1&size=2&collection=slavery&index=slavery  |z Connect to the full text of this electronic book  |t 0 
949 |a E 443 .S47 1840  |w LC  |c 1  |i 778048-1001  |d 5/19/2017  |l MAIN  |m HEN  |q 2  |r Y  |s Y  |t WEB  |u 10/19/2016  |x ENG  |z N-US 
999 f f |s d74fb274-c3f2-3adf-a5ad-97118b5469c8  |i a443c625-0d55-3cd9-9279-e162c16e098b  |t 0 
952 f f |a Texas A&M University  |b College Station  |c Electronic Resources  |d Available Online  |t 0  |e E443 .S47 1840  |h Library of Congress classification 
998 f f |a E443 .S47 1840  |t 0  |l Available Online